[Event "XXVI. Rhein-Main-Open, Gruppe A"]
[Site "Bad Homburg vor der Höhe"]
[Date "2024.06.01"]
[Round "6"]
[White "Neukirchner, Pascal"]
[Black "Krause, Jonah"]
[Result "1/2-1/2"]
[WhiteElo "2212"]
[BlackElo "2345"]
[PlyCount "84"]
[EventDate "2024.??.??"]
[WhiteTeam "SK Gründau"]
[BlackTeam "FC ST.Pauli 1910 eV SAbt"]

1. Nf3 Nf6 2. g3 g6 3. b3 b6 4. Bb2 Bg7 5. Bg2 Bb7 6. c4 c5 7. O-O O-O 8. d4 d5 9. dxc5 dxc4 10. cxb6 axb6 11. bxc4 Qc7 12. Qb3 Nbd7 13. Nc3 Nc5 14. Qc2 Bc6 15. Nd4 Bxg2 16. Kxg2 Qb7+ 17. Kg1 Rfc8 18. Nb3 Ne6 19. Nb5 h5 20. h4 Qe4 21. Qxe4 Nxe4 22. Bxg7 Kxg7 23. Rfc1 Ra4 24. Nc3 Nxc3 25. Rxc3 Rcxc4 26. Rxc4 Rxc4 27. a4 Rc2 28. Kf1 Rb2 29. Ra3 Kf6 30. a5 bxa5 31. Nxa5 Nd4 32. e4 Rb1+ 33. Kg2 Re1 34. f3 Re2+ 35. Kf1 Rc2 36. Re3 Ra2 37. Nc4 Rc2 38. Nb6 e5 39. Nd5+ Kg7 40. Nc3 Rc1+ 41. Kf2 Rc2+ 42. Kf1 Rc1+ 1/2-1/2

[Event "XXVI. Rhein-Main-Open, Gruppe A"]
[Site "Bad Homburg vor der Höhe"]
[Date "2024.06.01"]
[Round "6"]
[White "Novak, Volker"]
[Black "Papadopoulos, Ioannis"]
[Result "1/2-1/2"]
[WhiteElo "2125"]
[BlackElo "2198"]
[PlyCount "114"]
[EventDate "2024.??.??"]
[WhiteTeam "SK Bad Homburg 1927"]
[BlackTeam "SV Oberursel"]

1. Nf3 Nf6 2. g3 d5 3. Bg2 e6 4. O-O Be7 5. c4 O-O 6. d4 dxc4 7. Qc2 a6 8. a4 Bd7 9. Ne5 Bc6 10. Nxc6 Nxc6 11. Bxc6 bxc6 12. Qxc4 Qd5 13. b3 Rab8 14. Nd2 Rfd8 15. e3 c5 16. Ba3 Bf8 17. Rfc1 cxd4 18. Qxd5 Rxd5 19. e4 Bxa3 20. Rxa3 Rd7 21. a5 Ne8 22. Ra4 e5 23. Rc5 f6 24. f4 exf4 25. gxf4 d3 26. Rac4 Rbd8 27. Rc6 Rd6 28. Kf2 Kf7 29. Ke3 Ke7 30. e5 fxe5 31. fxe5 Rd5 32. Rxa6 Rxe5+ 33. Re4 Rxe4+ 34. Kxe4 Nf6+ 35. Kf3 Rd5 36. Rc6 Kd7 37. Rc3 Rxa5 38. Rxd3+ Rd5 39. Rxd5+ Nxd5 40. Ke4 Nf6+ 41. Kf5 Kd6 42. Nf3 Kd5 43. Ng5 c5 44. Ne6 Ne8 45. Nf8 Nd6+ 46. Kf4 h6 47. h4 Ne4 48. Kf5 Nd2 49. Nd7 Nxb3 50. Kg6 Ke6 51. Nxc5+ Nxc5 52. Kxg7 Nd3 53. Kxh6 Kf6 54. Kh7 Nf4 55. Kg8 Kg6 56. Kf8 Kh5 57. Ke8 Kxh4 1/2-1/2

[Event "XXVI. Rhein-Main-Open, Gruppe A"]
[Site "Bad Homburg vor der Höhe"]
[Date "2024.06.01"]
[Round "6"]
[White "Olson, Philip Christoph"]
[Black "Henn, Jakob"]
[Result "0-1"]
[WhiteElo "1792"]
[BlackElo "1760"]
[PlyCount "126"]
[EventDate "2024.??.??"]
[WhiteTeam "SC Bad Nauheim"]
[BlackTeam "SC Bad Nauheim"]

1. d4 d5 2. Bf4 Nf6 3. e3 e6 4. Nf3 Bd6 5. Bg3 O-O 6. Nbd2 c5 7. c3 Qc7 8. Bd3 Nbd7 9. Qe2 Re8 10. O-O Bxg3 11. hxg3 e5 12. Bb5 a6 13. dxe5 Ng4 14. Bxd7 Bxd7 15. a4 Nxe5 16. Nxe5 Qxe5 17. c4 d4 18. e4 Bc6 19. Rfe1 Rad8 20. Qd3 Rd6 21. f4 Qe7 22. f5 f6 23. a5 Rd7 24. Re2 Qd6 25. Rae1 Rde7 26. Kf2 Rb8 27. Nf3 Rbe8 28. Nd2 Qc7 29. Qa3 Re5 30. g4 Qe7 31. Qd3 Qc7 32. Qa3 Qd6 33. Qd3 R5e7 34. g3 Qc7 35. Ra1 Rb8 36. Nf3 Rbe8 37. Nd2 h6 38. Kf3 Re5 39. Qa3 R8e7 40. Rae1 Qd6 41. Qd3 Qc7 42. Ra1 Qc8 43. Kf2 Qe8 44. Rae1 Kh7 45. Qf3 Qd8 46. Qa3 b5 47. Kf3 Qa8 48. b3 bxc4 49. bxc4 Rb7 50. Qd3 Rb4 51. Rb1 Qb7 52. Ree1 Be8 53. Qa3 Bc6 54. Rxb4 cxb4 55. Qa1 Qc7 56. Nb3 Qd8 57. Qxd4 Qxd4 58. Nxd4 Bb7 59. Nb3 h5 60. gxh5 Rxf5+ 61. Ke3 Bxe4 62. g4 Re5 63. Kd4 Bc2 0-1

[Event "XXVI. Rhein-Main-Open, Gruppe A"]
[Site "Bad Homburg vor der Höhe"]
[Date "2024.06.01"]
[Round "6"]
[White "Pichl, Christoph"]
[Black "Bach, Oliver"]
[Result "1/2-1/2"]
[WhiteElo "1837"]
[BlackElo "1805"]
[PlyCount "127"]
[EventDate "2024.??.??"]
[WhiteTeam "SK Bad Homburg 1927"]
[BlackTeam "Sabt Frankfurter TV 1860"]

1. d4 d5 2. Nf3 Nf6 3. g3 Bg4 4. Bg2 Bxf3 5. Bxf3 e6 6. O-O c5 7. Bg5 cxd4 8. Qxd4 Nc6 9. Qd1 Be7 10. c3 O-O 11. Nd2 h6 12. Bxf6 Bxf6 13. e3 Qb6 14. Qb3 Qxb3 15. axb3 Ne5 16. Be2 Rfd8 17. Ra4 a6 18. Rfa1 Rac8 19. Kg2 Rc7 20. h4 g6 21. Nf3 Nc6 22. b4 Ne5 23. Nxe5 Bxe5 24. b5 axb5 25. Rb4 Kg7 26. Rxb5 Rdd7 27. g4 Bf6 28. Kg3 g5 29. hxg5 hxg5 30. Rd1 Rd8 31. Ra5 Rh8 32. Ra7 Rh6 33. Ra8 b6 34. Raa1 Rc8 35. Rh1 Rh4 36. Rxh4 gxh4+ 37. Kh3 e5 38. Rd1 d4 39. exd4 exd4 40. c4 Rd8 41. Bd3 Bg5 42. Re1 Rd6 43. Re5 Bf6 44. Rf5 Re6 45. g5 Be7 46. Kxh4 Re1 47. Rf3 Rh1+ 48. Kg4 Rg1+ 49. Rg3 Rxg3+ 50. fxg3 Bd6 51. Kh4 Kf8 52. g6 fxg6 53. Bxg6 Kg7 54. Bd3 Kf6 55. g4 Bf4 56. Kh3 Kg5 57. Bf5 Be3 58. Kg3 Kf6 59. Kf3 Ke5 60. Ke2 Kd6 61. b4 Ke5 62. Kd3 Bg5 63. Be4 Be7 64. c5 1/2-1/2

[Event "XXVI. Rhein-Main-Open, Gruppe A"]
[Site "Bad Homburg vor der Höhe"]
[Date "2024.06.01"]
[Round "6"]
[White "Pichl, Michael"]
[Black "Hoelss, Manuel"]
[Result "1-0"]
[WhiteElo "1860"]
[BlackElo "1788"]
[PlyCount "29"]
[EventDate "2024.??.??"]
[WhiteTeam "SV Empor Erfurt"]
[BlackTeam "SSG Hungen-Lich"]

1. g3 f5 2. Bg2 g6 3. c4 Nf6 4. Nc3 Bg7 5. e4 d6 6. exf5 Bxf5 7. Bxb7 Nbd7 8. Bxa8 Qxa8 9. Qf3 Ne4 10. Nd5 Qc6 11. g4 Ne5 12. Qe2 Nxf2 13. gxf5 Ned3+ 14. Kf1 Rf8 15. Qxe7# 1-0

[Event "XXVI. Rhein-Main-Open, Gruppe A"]
[Site "Bad Homburg vor der Höhe"]
[Date "2024.06.01"]
[Round "6"]
[White "Qayumi, Roman"]
[Black "Nagel, Matthias"]
[Result "0-1"]
[WhiteElo "1889"]
[BlackElo "1881"]
[PlyCount "88"]
[EventDate "2024.??.??"]
[WhiteTeam "SK Stadtallendorf"]
[BlackTeam "SV 1920 Kelsterbach"]

1. d4 d5 2. c4 e6 3. Nc3 Nf6 4. cxd5 exd5 5. Bg5 Bb4 6. e3 c6 7. Bd3 h6 8. Bf4 Bd6 9. Nge2 Qe7 10. Qc2 Nbd7 11. Bg3 Nh5 12. Bxd6 Qxd6 13. g4 Nhf6 14. h3 Nf8 15. Ng3 Be6 16. O-O-O g6 17. Kb1 O-O-O 18. Rhg1 Kb8 19. Rc1 h5 20. f3 Bc8 21. Na4 Ne6 22. a3 hxg4 23. hxg4 Rh3 24. Qg2 Rdh8 25. Rh1 Rxg3 26. Qf1 Rxh1 27. Qxh1 Ng5 28. f4 Nge4 29. Qe1 Rxg4 30. Qa5 Rg3 31. Qe1 Rg2 32. Ka1 Rh2 33. Qg1 Rh3 34. Qe1 Qe7 35. Bf1 Rh2 36. f5 Bxf5 37. Bd3 Qd6 38. Qa5 Bc8 39. Ka2 g5 40. Nc3 Qg3 41. Bxe4 Nxe4 42. Nxd5 Qd6 43. Nb4 Be6+ 44. d5 Bxd5+ 0-1

[Event "XXVI. Rhein-Main-Open, Gruppe A"]
[Site "Bad Homburg vor der Höhe"]
[Date "2024.06.01"]
[Round "6"]
[White "Rabiya, Karim"]
[Black "Lindam, Ingo"]
[Result "0-1"]
[WhiteElo "1814"]
[BlackElo "2180"]
[PlyCount "48"]
[EventDate "2024.??.??"]
[WhiteTeam "SK Niederbrechen 1948"]
[BlackTeam "SC Hilchenbach"]

1. e4 c5 2. Nf3 e6 3. d4 cxd4 4. Nxd4 Nc6 5. c4 Nf6 6. Nxc6 bxc6 7. Nc3 Bb4 8. Bd3 e5 9. O-O Bc5 10. Na4 Bd4 11. c5 O-O 12. Rb1 d5 13. cxd6 Be6 14. b3 Qxd6 15. h3 h6 16. Qc2 Rfd8 17. Rd1 c5 18. Ba3 Rac8 19. Rbc1 Nd7 20. Qe2 Qe7 21. Ba6 Rc7 22. b4 Qg5 23. Rd3 c4 24. Rg3 Qxg3 0-1

[Event "XXVI. Rhein-Main-Open, Gruppe A"]
[Site "Bad Homburg vor der Höhe"]
[Date "2024.06.01"]
[Round "6"]
[White "Sassmannshausen, Mark"]
[Black "Hornung, Thomas"]
[Result "1/2-1/2"]
[WhiteElo "1939"]
[BlackElo "2031"]
[PlyCount "174"]
[EventDate "2024.??.??"]
[WhiteTeam "SV Oberursel"]
[BlackTeam "SK Eberstadt 1924"]

1. e4 c6 2. d4 d5 3. exd5 cxd5 4. Bd3 Nc6 5. c3 Nf6 6. h3 g6 7. Nf3 Bf5 8. Be2 Qc7 9. Be3 Bg7 10. Nbd2 O-O 11. O-O Rad8 12. Re1 Ne4 13. Qc1 Na5 14. Bf1 a6 15. g4 Nxd2 16. Bxd2 Bc8 17. Bf4 Qd7 18. Bh6 Nc6 19. Bxg7 Kxg7 20. Bd3 Rh8 21. Qe3 Rde8 22. Ne5 Nxe5 23. Qxe5+ f6 24. Qg3 e6 25. Rac1 b5 26. b3 Bb7 27. Re3 h6 28. Rce1 Bc8 29. f4 Qc7 30. Qf3 Qd7 31. f5 exf5 32. gxf5 gxf5 33. Bxf5 Rxe3 34. Qg4+ Kf8 35. Bxd7 Rxe1+ 36. Kf2 Bxd7 37. Qxd7 Ra1 38. Qd6+ Kg7 39. Qxa6 Re8 40. Qxb5 Rxa2+ 41. Kf3 Re1 42. Qxd5 Rf1+ 43. Ke3 Rh2 44. Qd7+ Kg6 45. Qg4+ Kf7 46. Qg3 Rfh1 47. Ke4 Rxh3 48. Qc7+ Kg6 49. d5 Re1+ 50. Kf4 Rf1+ 51. Kg4 Rh5 52. Kg3 Rg5+ 53. Kh2 Rf2+ 54. Kh3 Rf3+ 55. Kh2 Rxd5 56. Qc6 Rdd3 57. Qe4+ Kg5 58. Kg2 Rg3+ 59. Kh2 Rxc3 60. Qd5+ f5 61. Qd2+ f4 62. Qd5+ Kh4 63. Qd8+ Rg5 64. Qd7 Rxb3 65. Qe6 Rb2+ 66. Kh1 Rgb5 67. Qxh6+ Kg4 68. Qg7+ Kf3 69. Qg2+ Ke3 70. Qg1+ Ke4 71. Qg6+ Kd4 72. Qd6+ Ke3 73. Qe7+ Kd3 74. Qd6+ Kc3 75. Qf6+ Kb3 76. Qxf4 Rc5 77. Qb8+ Kc3 78. Qg3+ Kb4 79. Qb8+ Rb5 80. Qd6+ Kb3 81. Qd1+ Ka3 82. Qa1+ Ra2 83. Qc3+ Rb3 84. Qa5+ Kb2 85. Qe5+ Rc3 86. Qe2+ Rc2 87. Qb5+ Ka3 1/2-1/2

[Event "XXVI. Rhein-Main-Open, Gruppe A"]
[Site "Bad Homburg vor der Höhe"]
[Date "2024.06.01"]
[Round "6"]
[White "Scheerer, Amelie"]
[Black "Faqiry, Ramat"]
[Result "0-1"]
[WhiteElo "1734"]
[BlackElo "1982"]
[PlyCount "106"]
[EventDate "2024.??.??"]
[WhiteTeam "SV 1934 Ffm-Griesheim"]
[BlackTeam "SK Bad Homburg 1927"]

1. e4 c5 2. Nf3 Nc6 3. d4 cxd4 4. Nxd4 Qb6 5. Nb3 Nf6 6. Nc3 e6 7. Be3 Qc7 8. f4 d6 9. g4 a6 10. g5 Nd7 11. Qd2 b5 12. O-O-O Bb7 13. Bd3 Nc5 14. f5 O-O-O 15. Qf2 Ne5 16. Kb1 b4 17. Nxc5 dxc5 18. Na4 Ng4 19. Qg1 Nxe3 20. Qxe3 exf5 21. Qh3 Kb8 22. Qxf5 g6 23. Qf6 Bd6 24. Rdf1 c4 25. Be2 Rhf8 26. h4 Be5 27. Qb6 Qxb6 28. Nxb6 b3 29. Nxc4 bxc2+ 30. Kc1 Bd4 31. Bf3 Rfe8 32. Kxc2 Bxe4+ 33. Bxe4 Rxe4 34. Rxf7 Bc5 35. b3 Bb4 36. Rf2 a5 37. Rd1 Rxd1 38. Kxd1 Rxh4 39. a3 Bc5 40. Rf6 Be7 41. Re6 Bxg5 42. Nxa5 Bf4 43. Re4 g5 44. Nc6+ Kc7 45. Nd4 Rh1+ 46. Ke2 Kd6 47. Kd3 Rd1+ 48. Kc4 Rc1+ 49. Kd3 Kd5 50. Re7 Rd1+ 51. Kc3 Be5 52. Rd7+ Ke4 53. Rxh7 Rxd4 0-1

[Event "XXVI. Rhein-Main-Open, Gruppe A"]
[Site "Bad Homburg vor der Höhe"]
[Date "2024.06.01"]
[Round "6"]
[White "Schmid, Roland"]
[Black "Jonnek, Thomas"]
[Result "1-0"]
[WhiteElo "2197"]
[BlackElo "1996"]
[PlyCount "35"]
[EventDate "2024.??.??"]
[WhiteTeam "SG Post/Süd Regensburg"]
[BlackTeam "SF Bremer Osten Bgh. Mahndorf"]

1. c4 e6 2. Nc3 d5 3. d4 Nf6 4. cxd5 exd5 5. Bg5 Be7 6. e3 c6 7. Qc2 Nbd7 8. Bd3 O-O 9. Nge2 Re8 10. O-O Ne4 11. Bf4 Nef6 12. Nb5 Nf8 13. Nc7 Be6 14. Nxe8 Qxe8 15. Bg5 Rd8 16. Rab1 Qd7 17. b4 b6 18. Rfc1 1-0

[Event "XXVI. Rhein-Main-Open, Gruppe A"]
[Site "Bad Homburg vor der Höhe"]
[Date "2024.06.01"]
[Round "6"]
[White "Schmidt, Kai Uwe"]
[Black "Erdmann, Stefan"]
[Result "0-1"]
[WhiteElo "2001"]
[BlackElo "2110"]
[PlyCount "42"]
[EventDate "2024.??.??"]
[WhiteTeam "SC Pirmasens 1912"]
[BlackTeam "SK Bad Homburg 1927"]

1. d4 d5 2. Nf3 Nf6 3. c4 c6 4. e3 Bf5 5. Nc3 e6 6. Nh4 Bg6 7. Be2 Nbd7 8. g3 Be7 9. O-O a6 10. cxd5 exd5 11. f3 O-O 12. e4 dxe4 13. Nxg6 hxg6 14. fxe4 Qb6 15. Rf2 Rad8 16. Rb1 Ne5 17. Be3 Qa7 18. h3 Bc5 19. Nd5 Nxe4 20. dxc5 Rxd5 21. Qb3 Nxf2 0-1

[Event "XXVI. Rhein-Main-Open, Gruppe A"]
[Site "Bad Homburg vor der Höhe"]
[Date "2024.06.01"]
[Round "6"]
[White "Schmitt, Clemens"]
[Black "Uneken, Bert"]
[Result "1-0"]
[WhiteElo "1884"]
[BlackElo "1837"]
[PlyCount "79"]
[EventDate "2024.??.??"]
[WhiteTeam "SV Bergwinkel"]

1. c4 e6 2. Nc3 Nf6 3. e4 Bb4 4. e5 Bxc3 5. bxc3 Ng8 6. Qg4 g6 7. d4 c5 8. Bd3 d6 9. Nf3 dxe5 10. Nxe5 Nc6 11. Nxc6 bxc6 12. Qf3 cxd4 13. cxd4 Ne7 14. Qf6 O-O 15. g4 Nd5 16. Qxd8 Rxd8 17. cxd5 Rxd5 18. Be4 Rxd4 19. Bxc6 Rb8 20. h3 Ba6 21. Be3 Rc4 22. Bf3 Rb2 23. Be2 Ra4 24. Bxa6 Rxa6 25. a3 Rb3 26. Bc5 Ra5 27. Be7 f5 28. Kf1 Kf7 29. Bd6 Ra6 30. Bc5 Rc3 31. Bb4 Rb3 32. Kg2 Ra4 33. gxf5 exf5 34. Rac1 g5 35. Rhd1 Kg6 36. Rc6+ Kh5 37. Rd7 g4 38. Rxh7+ Kg5 39. h4+ Kf4 40. Rc4+ 1-0

[Event "XXVI. Rhein-Main-Open, Gruppe A"]
[Site "Bad Homburg vor der Höhe"]
[Date "2024.06.01"]
[Round "6"]
[White "Schmitt, Hans Walter"]
[Black "Schultze, Joerg Martin"]
[Result "0-1"]
[WhiteElo "2028"]
[BlackElo "1936"]
[PlyCount "134"]
[EventDate "2024.??.??"]
[WhiteTeam "SC Bad Soden"]
[BlackTeam "SF Braunfels"]

1. d4 d5 2. Nc3 c6 3. Bf4 Nf6 4. e3 Bf5 5. f3 e6 6. g4 Bg6 7. h4 h6 8. Bd3 Bxd3 9. Qxd3 Bd6 10. Nge2 Qc7 11. O-O-O Nbd7 12. g5 Nh5 13. Bxd6 Qxd6 14. e4 Nf4 15. Qe3 Nxe2+ 16. Nxe2 O-O-O 17. e5 Qe7 18. f4 g6 19. Rh3 h5 20. Qc3 Nb8 21. b4 Qc7 22. Qb3 Qb6 23. Rc3 Kd7 24. a4 Rc8 25. Rdd3 Na6 26. b5 cxb5 27. axb5 Rxc3 28. Nxc3 Nc7 29. Qa3 Rc8 30. Na4 Qxb5 31. Qd6+ Ke8 32. Nc5 Qc6 33. Qxc6+ bxc6 34. Rb3 Nb5 35. c3 a5 36. Kc2 Ra8 37. Na4 Kd8 38. Kd3 Kc7 39. Kc2 Rb8 40. Nc5 Kc8 41. Na4 Na7 42. Ra3 Rb5 43. Nc5 Kc7 44. Na6+ Kb6 45. Nc5 Nc8 46. Ra2 Ne7 47. Ra1 Nf5 48. Rh1 Ne3+ 49. Kd3 Nc4 50. Ra1 Ka7 51. Na4 Rb3 52. Kc2 Ra3 53. Rxa3 Nxa3+ 54. Kd3 Nc4 55. Ke2 Ka6 56. Kd3 Kb5 57. Nc5 a4 58. Kc2 Ne3+ 59. Kb2 Nf5 60. Nb7 Nxh4 61. Nd6+ Kb6 62. Nxf7 Nf5 63. Nh6 Kc7 64. Ka3 c5 65. dxc5 Kc6 66. Kxa4 Kxc5 67. Kb3 Ne3 0-1

[Event "XXVI. Rhein-Main-Open, Gruppe A"]
[Site "Bad Homburg vor der Höhe"]
[Date "2024.06.01"]
[Round "6"]
[White "Schulze, Manfred"]
[Black "Busch, Lorenz"]
[Result "0-1"]
[WhiteElo "1887"]
[BlackElo "1995"]
[PlyCount "58"]
[EventDate "2024.??.??"]
[WhiteTeam "SC Steinbach"]
[BlackTeam "SC Bellheim"]

1. e4 e6 2. d3 d5 3. Nd2 Nf6 4. Ngf3 Bc5 5. e5 Nfd7 6. d4 Bb6 7. a4 c5 8. c3 Nc6 9. Bb5 O-O 10. Nb3 c4 11. Bg5 f6 12. exf6 gxf6 13. Bh6 cxb3 14. Qe2 Re8 15. h4 e5 16. Rh3 Nf8 17. Rg3+ Ng6 18. O-O-O e4 19. Nh2 Bc7 20. Rf1 Nxd4 21. cxd4 Bxg3 22. fxg3 Qc7+ 23. Kb1 Qc2+ 24. Qxc2 bxc2+ 25. Kxc2 Re6 26. Ng4 Kf7 27. Bg5 a6 28. h5 axb5 29. hxg6+ Kxg6 0-1

[Event "XXVI. Rhein-Main-Open, Gruppe A"]
[Site "Bad Homburg vor der Höhe"]
[Date "2024.06.01"]
[Round "6"]
[White "Seidel, Andre"]
[Black "Hessler Carbonell, Louis"]
[Result "1-0"]
[WhiteElo "2157"]
[BlackElo "1874"]
[PlyCount "89"]
[EventDate "2024.??.??"]
[WhiteTeam "SV Oberursel"]
[BlackTeam "SK Marburg 1931/72"]

1. d4 Nf6 2. Nf3 e6 3. c3 b6 4. Bf4 Be7 5. h3 Bb7 6. e3 O-O 7. Nbd2 d5 8. Bd3 Ne4 9. O-O Nd7 10. Qc2 f5 11. Ne5 Nxe5 12. Bxe5 Nxd2 13. Qxd2 Bd6 14. Bxd6 Qxd6 15. Qe2 c5 16. a3 e5 17. dxe5 Qxe5 18. Rad1 Rad8 19. Rd2 Rfe8 20. Qh5 g6 21. Qg5 a6 22. Rfd1 Kg7 23. Be2 h6 24. Qh4 b5 25. Bf3 Rd6 26. Qf4 Qxf4 27. exf4 Red8 28. b3 a5 29. c4 bxc4 30. bxc4 Ba6 31. Rxd5 Rxd5 32. Rxd5 Rxd5 33. Bxd5 g5 34. fxg5 hxg5 35. g3 f4 36. gxf4 gxf4 37. Kg2 Kf6 38. Kf3 Ke5 39. h4 Bc8 40. h5 Bf5 41. h6 Bh7 42. Kg4 Bf5+ 43. Kg5 Bh7 44. f3 Bf5 45. Bg8 1-0

[Event "XXVI. Rhein-Main-Open, Gruppe A"]
[Site "Bad Homburg vor der Höhe"]
[Date "2024.06.01"]
[Round "6"]
[White "Shanawaz Thabrez, Shahzaib"]
[Black "Schneider, Till"]
[Result "1-0"]
[WhiteElo "1822"]
[BlackElo "1838"]
[PlyCount "77"]
[EventDate "2024.??.??"]
[WhiteTeam "SK Langen"]
[BlackTeam "SC Brett vorm Kopp Ffm"]

1. e4 e6 2. d4 d5 3. e5 Bd7 4. Nf3 a6 5. a4 c5 6. c3 Nc6 7. Be2 Qb6 8. O-O Na5 9. dxc5 Qb3 10. Qe1 Qc2 11. b4 Nb3 12. Na3 Qe4 13. Rb1 Nxc1 14. Rxc1 Bxa4 15. Nd4 Ne7 16. b5 Nf5 17. bxa6 bxa6 18. Qd2 Bxc5 19. Bd3 Qg4 20. h3 Qh4 21. Bxf5 Bxd4 22. cxd4 exf5 23. Qb4 Bd7 24. Rfe1 Qe7 25. Qb7 O-O 26. Nc2 f4 27. Nb4 f3 28. Nxd5 Qg5 29. Ne3 Bxh3 30. Qxf3 Bd7 31. Rc5 a5 32. e6 Qe7 33. Nf5 Qf6 34. exd7 Qd8 35. Qc6 Rb8 36. Ne7+ Kh8 37. Qe4 Qxd7 38. Qxh7+ Kxh7 39. Rh5# 1-0

[Event "XXVI. Rhein-Main-Open, Gruppe A"]
[Site "Bad Homburg vor der Höhe"]
[Date "2024.06.01"]
[Round "6"]
[White "Sreeramulu, Aarush"]
[Black "Loef, Dirk"]
[Result "1/2-1/2"]
[WhiteElo "1887"]
[BlackElo "2060"]
[PlyCount "41"]
[EventDate "2024.??.??"]
[WhiteTeam "SK Marburg 1931/72"]
[BlackTeam "Sfr.Heidesheim"]

1. d4 Nf6 2. c4 e6 3. Nc3 Bb4 4. Qc2 c5 5. dxc5 Na6 6. Bd2 Nxc5 7. a3 Bxc3 8. Bxc3 Nce4 9. e3 Nxc3 10. Qxc3 O-O 11. Nf3 d5 12. Be2 dxc4 13. Qxc4 Qb6 14. Qd4 Qxd4 15. Nxd4 Bd7 16. O-O e5 17. Nf3 Rfe8 18. Rac1 Bc6 19. Rfd1 Kf8 20. b4 Ba4 21. Re1 1/2-1/2

[Event "XXVI. Rhein-Main-Open, Gruppe A"]
[Site "Bad Homburg vor der Höhe"]
[Date "2024.06.01"]
[Round "6"]
[White "Stiller, Bjoern"]
[Black "Martin, Reiner"]
[Result "1/2-1/2"]
[WhiteElo "1815"]
[BlackElo "1930"]
[PlyCount "66"]
[EventDate "2024.??.??"]
[WhiteTeam "SSG Hungen-Lich"]
[BlackTeam "SC Bad Soden"]

1. e4 c5 2. d4 cxd4 3. c3 Nf6 4. e5 Nd5 5. Qxd4 e6 6. Nf3 Qc7 7. Bd3 Nc6 8. Qe4 d6 9. exd6 Bxd6 10. O-O Bd7 11. Re1 Nf6 12. Qe2 h6 13. Nbd2 g5 14. Ne4 Nxe4 15. Qxe4 O-O-O 16. h3 f5 17. Qc4 e5 18. Bc2 Rde8 19. Bd2 Rhg8 20. Kh1 Be6 21. Qa4 Qg7 22. Bb3 Qf6 23. Bxe6+ Rxe6 24. Qc4 Ree8 25. Re2 g4 26. Nxe5 Bxe5 27. Rae1 Kd7 28. Qd5+ Bd6 29. Bf4 Rxe2 30. Rxe2 Re8 31. Bxd6 Qxd6 32. Qxf5+ Kc7 33. Qxg4 Qd1+ 1/2-1/2

[Event "XXVI. Rhein-Main-Open, Gruppe A"]
[Site "Bad Homburg vor der Höhe"]
[Date "2024.06.01"]
[Round "6"]
[White "von Wahden, Jens"]
[Black "Schmidt, Markus"]
[Result "0-1"]
[WhiteElo "1930"]
[BlackElo "2137"]
[PlyCount "72"]
[EventDate "2024.??.??"]
[WhiteTeam "SV Oberursel"]
[BlackTeam "SK Niederbrechen 1948"]

1. d4 Nf6 2. c4 g6 3. Nc3 Bg7 4. e4 d6 5. f3 O-O 6. Be3 c5 7. Nge2 Nc6 8. d5 Ne5 9. Ng3 h5 10. Be2 h4 11. Nf1 e6 12. h3 exd5 13. cxd5 a6 14. a4 Nh7 15. Nh2 f5 16. Qd2 Qf6 17. exf5 Bxf5 18. O-O Qe7 19. Ne4 Rae8 20. Rae1 Nd7 21. Bg5 Nxg5 22. Qxg5 Bxe4 23. Qxe7 Rxe7 24. fxe4 Rxe4 25. Bg4 Bd4+ 26. Kh1 Rxe1 27. Rxe1 Ne5 28. Nf3 Rf4 29. Nxe5 Bxe5 30. b3 b5 31. axb5 axb5 32. Kg1 Kg7 33. Bf3 Rb4 34. Re4 Rxb3 35. Rxh4 Bg3 36. Bd1 Rb1 0-1

[Event "XXVI. Rhein-Main-Open, Gruppe A"]
[Site "Bad Homburg vor der Höhe"]
[Date "2024.06.01"]
[Round "6"]
[White "Wanie, Karsten"]
[Black "Foerster Yialamas, Lucas"]
[Result "1-0"]
[WhiteElo "2023"]
[BlackElo "2116"]
[Annotator "thoma"]
[PlyCount "79"]
[EventDate "2024.??.??"]
[WhiteTeam "SC Matt im Park Ffm"]
[BlackTeam "Sabt Frankfurter TV 1860"]

1. d4 Nf6 2. Nf3 g6 3. Bg5 Bg7 4. Nbd2 O-O 5. c3 d5 6. e3 b6 7. Be2 c5 8. O-O Nbd7 9. a4 h6 10. Bh4 g5 11. Bg3 Nh5 12. a5 Nxg3 13. hxg3 bxa5 14. Qa4 Rb8 15. b3 e5 16. Qxa5 exd4 17. cxd4 g4 18. Nh2 h5 19. Qxa7 cxd4 20. exd4 Rb4 21. Ra4 Bxd4 22. Qa5 Qxa5 23. Rxa5 Re8 24. Bb5 Re5 25. Rc1 Nb6 26. Bd3 Bd7 27. Nhf1 Kg7 28. Ra7 Kf6 29. Rb7 Ke6 30. Rcc7 Be8 31. Ne3 Bxe3 32. fxe3 Kd6 33. Kf2 Bc6 34. Ra7 d4 35. e4 Bd7 36. Rab7 Bc6 37. Ra7 Bd7 38. Rcb7 Kc5 39. Ra5+ Bb5 40. Bxb5 1-0

[Event "XXVI. Rhein-Main-Open, Gruppe A"]
[Site "Bad Homburg vor der Höhe"]
[Date "2024.06.01"]
[Round "6"]
[White "Werner, Claus"]
[Black "Miyake Siqueira, Pedro Henrique"]
[Result "1-0"]
[WhiteElo "2179"]
[BlackElo "1847"]
[PlyCount "63"]
[EventDate "2024.??.??"]
[WhiteTeam "SG Post/Süd Regensburg"]
[BlackTeam "SK Bad Homburg 1927"]

1. e4 c5 2. Nf3 e6 3. d4 cxd4 4. Nxd4 Nc6 5. Nc3 Qc7 6. g3 a6 7. Bg2 Nf6 8. O-O Bb4 9. Nde2 O-O 10. Bf4 e5 11. Bg5 Be7 12. Qd2 Ne8 13. Nd5 Qd8 14. Nxe7+ Nxe7 15. a4 a5 16. Nc3 Nc7 17. Rfd1 f6 18. Be3 Ne6 19. Bf1 Kh8 20. Nb5 f5 21. Qd6 Ra6 22. Qxe5 Ng6 23. Qd5 f4 24. Bd4 Nh4 25. gxh4 Qxh4 26. Nd6 f3 27. Be5 Nf4 28. Bxf4 Qxf4 29. e5 Rf5 30. Rd4 Qg5+ 31. Kh1 Qh5 32. Nxf5 1-0

[Event "XXVI. Rhein-Main-Open, Gruppe A"]
[Site "Bad Homburg vor der Höhe"]
[Date "2024.06.01"]
[Round "6"]
[White "Wilk, Jan"]
[Black "Fischer, Daniel"]
[Result "1-0"]
[WhiteElo "1874"]
[BlackElo "1977"]
[PlyCount "83"]
[EventDate "2024.??.??"]
[WhiteTeam "SC Bellheim"]

1. d4 Nf6 2. Nf3 c5 3. d5 b5 4. a4 b4 5. c4 g6 6. Nbd2 d6 7. e3 Bg7 8. Bd3 O-O 9. O-O e6 10. e4 a5 11. Ra2 Ra7 12. Re1 Nbd7 13. b3 e5 14. Nf1 Nh5 15. Ne3 Ndf6 16. g3 Ng4 17. Ng2 f5 18. Bg5 Bf6 19. Bxf6 Ngxf6 20. Nd2 f4 21. gxf4 Nxf4 22. Nxf4 exf4 23. e5 dxe5 24. Rxe5 Ng4 25. Re1 f3 26. Nxf3 Raf7 27. Be4 Qd6 28. h3 Rxf3 29. hxg4 Bxg4 30. Bxf3 Bxf3 31. Qd2 Rf4 32. Re8+ Kf7 33. Qe3 Qf6 34. Re7+ Kg8 35. Re8+ Kg7 36. Qe7+ Qf7 37. Qxf7+ Kxf7 38. Re3 g5 39. Rd2 g4 40. d6 Rd4 41. Rxd4 cxd4 42. Rd3 1-0

[Event "XXVI. Rhein-Main-Open, Gruppe A"]
[Site "Bad Homburg vor der Höhe"]
[Date "2024.06.02"]
[Round "7"]
[White "Akhmatovski, Maxim"]
[Black "Schmid, Roland"]
[Result "0-1"]
[WhiteElo "2101"]
[BlackElo "2197"]
[PlyCount "62"]
[EventDate "2024.??.??"]
[WhiteTeam "SV Oberursel"]
[BlackTeam "SG Post/Süd Regensburg"]

1. d4 Nf6 2. c4 e6 3. Nf3 Bb4+ 4. Nbd2 O-O 5. g3 d5 6. Qc2 b6 7. Bg2 Bb7 8. O-O c5 9. cxd5 exd5 10. dxc5 Bxc5 11. Nb3 Na6 12. Nxc5 bxc5 13. b3 Qb6 14. Bb2 d4 15. Ne5 Bxg2 16. Kxg2 Rfe8 17. Nd3 Rac8 18. Rac1 Qb7+ 19. Kg1 Ne4 20. Rfe1 h5 21. Qc4 h4 22. Nf4 Nb4 23. Ra1 Rcd8 24. f3 hxg3 25. hxg3 Nxg3 26. Qxc5 Nxe2+ 27. Rxe2 Rxe2 28. Nxe2 Qxf3 29. Qe7 Rd5 30. Rf1 Qg4+ 31. Kf2 Nd3# 0-1